| 000 | nam a22 7a 4500 | ||
|---|---|---|---|
| 999 |
_c30448 _d30448 |
||
| 008 | 190701b xxu||||| |||| 00| 0 eng d | ||
| 020 | _a9788122419542 | ||
| 050 |
_aTT 820 _b.A53 2007 |
||
| 100 | _aAnbumani, N. | ||
| 245 |
_aKnitting/ _bFundamentals, Machines, Structures and Developments; _cDr. N. Anbumani. |
||
| 260 |
_aNew Delhi _bNew age international (p) limited, publishers |
||
| 300 |
_ainclude index: _c24cm. |
||
| 440 | _aKnitting;Fundamentals ,machines structures and developments | ||
| 500 | _ainclude index | ||
| 942 |
_2lcc _cBOOKS _hTT 820 .A53 2007 |
||